| 000 | 00585nam a2200193Ia 4500 | ||
|---|---|---|---|
| 005 | 20250326124604.0 | ||
| 008 | 250326s9999 xx 000 0 und d | ||
| 037 | _aTextbook | ||
| 040 |
_aFMSL _beng _cFMSL |
||
| 041 |
_aeng _2eng |
||
| 084 |
_aX:8 N1;4 _qFMSL |
||
| 100 |
_aFrench W L _9735900 |
||
| 245 | 0 |
_aOrganization development: behavioral science interventions for organization improvement _cFrench W L; Bell C H |
|
| 250 | _a4 | ||
| 260 |
_aNew Delhi _bNew Delhi, Prentice-Hall _c1991 |
||
| 300 | _a320p | ||
| 942 |
_cTB _hX:8 N1;4 |
||
| 999 |
_c1274293 _d1274293 |
||